[Event "Budapest FS07 IM"]
[Site "Budapest"]
[Date "2025.07.10"]
[Round "6"]
[White "Lehocz, Jozsef Jr"]
[Black "Seres, Lajos"]
[Result "0-1"]
[WhiteElo "2161"]
[BlackElo "2274"]
[PlyCount "44"]
[EventDate "2025.07.05"]
[EventType "tourn"]
[EventRounds "9"]
[EventCountry "HUN"]
[SourceTitle "CB29_2025"]
[SourceDate "2025.07.16"]
[SourceVersion "1"]
[SourceVersionDate "2025.07.16"]
[SourceQuality "1"]

1. e4 c5 2. Nf3 Nc6 3. Bb5 Qb6 4. Nc3 e6 5. 0-0 Nge7 6. Re1 Nd4 7. a4 Ng6 8. d3 Nxf3+ 9. Qxf3 Bd6 10. Qh5 Qc7 11. Bc4 a6 12. a5 0-0 13. Be3 Rb8 14. Na4 Qxa5 15. b4 Qxb4 16. Reb1 Qa5 17. Rb6 Be5 18. d4 cxd4 19. Bxd4 d5 20. Bxe5 dxc4 21. f4 Bd7 22. Bxb8 Qxh5 0-1

[Event "Budapest FS07 IM"]
[Site "Budapest"]
[Date "2025.07.06"]
[Round "2"]
[White "Lehocz, Jozsef Jr"]
[Black "Sanjay Narayanan, PS."]
[Result "1-0"]
[WhiteElo "2161"]
[BlackElo "2128"]
[PlyCount "45"]
[EventDate "2025.07.05"]
[EventType "tourn"]
[EventRounds "9"]
[EventCountry "HUN"]
[SourceTitle "CB29_2025"]
[SourceDate "2025.07.16"]
[SourceVersion "1"]
[SourceVersionDate "2025.07.16"]
[SourceQuality "1"]

1. e4 c5 2. Nf3 d6 3. Bb5+ Bd7 4. c4 a6 5. Bxd7+ Qxd7 6. Nc3 Nf6 7. d4 cxd4 8. Nd5 Nxd5 9. cxd5 Qg4 10. 0-0 Qxe4 11. Qb3 b5 12. Re1 Qg4 13. a4 Nd7 14. axb5 Rb8 15. h3 Nc5 16. Qc4 axb5 17. Qxc5 Qxg2+ 18. Kxg2 dxc5 19. b4 e6 20. dxe6 fxe6 21. Ra7 cxb4 22. Rxe6+ Kd8 23. Bg5+ 1-0

[Event "Budapest SixDays 01 IM-C"]
[Site "Budapest"]
[Date "2025.01.27"]
[Round "3"]
[White "Nemeth, Zalan"]
[Black "Lehocz, Jozsef Jr"]
[Result "1-0"]
[WhiteElo "2277"]
[BlackElo "2128"]
[PlyCount "59"]
[EventDate "2025.01.26"]
[EventType "tourn"]
[EventRounds "9"]
[EventCountry "HUN"]
[SourceTitle "CB06_2025"]
[SourceDate "2025.02.05"]
[SourceVersion "1"]
[SourceVersionDate "2025.02.05"]
[SourceQuality "1"]

1. d4 f5 2. Nf3 Nf6 3. g3 g6 4. Bg2 Bg7 5. c4 0-0 6. Nc3 d6 7. 0-0 Qe8 8. d5 Na6 9. Be3 Bd7 10. Rb1 c6 11. b4 Nc7 12. a4 h6 13. dxc6 bxc6 14. b5 Ne6 15. Nd4 c5 16. Nxe6 Bxe6 17. Bxa8 Qxa8 18. Qd3 Ng4 19. Nd5 Ne5 20. Nxe7+ Kf7 21. Qxd6 Rd8 22. Qxc5 Nd7 23. Qxa7 Kxe7 24. Qxa8 Rxa8 25. c5 Rxa4 26. c6 Ne5 27. Rfc1 Nc4 28. b6 Bb2 29. b7 Rb4 30. Bc5+ 1-0

[Event "EU-ch U14"]
[Site "Prague"]
[Date "2024.08.28"]
[Round "6"]
[White "Lehocz, Jozsef Jr"]
[Black "Torosyan, Volodya"]
[Result "0-1"]
[WhiteElo "2069"]
[BlackElo "2148"]
[PlyCount "84"]
[EventDate "2024.08.22"]
[EventType "swiss"]
[EventRounds "9"]
[EventCountry "CZE"]
[SourceTitle "CBM 221 Extra"]
[Source "ChessBase"]
[SourceDate "2024.09.30"]
[SourceVersion "1"]
[SourceVersionDate "2024.09.30"]
[SourceQuality "1"]

1. e4 c5 2. c3 Nf6 3. e5 Nd5 4. Bc4 Nb6 5. Bb3 c4 6. Bc2 Nc6 7. Nf3 d5 8. exd6 Qxd6 9. Qe2 Bg4 10. b3 Qe6 11. Qxe6 Bxe6 12. Na3 Bd5 13. bxc4 Nxc4 14. 0-0 Nxa3 15. Bxa3 0-0-0 16. Bc1 e5 17. Re1 f6 18. d3 Bc5 19. Be3 Ba3 20. Rab1 Kb8 21. Nd2 Rc8 22. Bb3 Rhd8 23. Red1 Na5 24. c4 Bf7 25. Ne4 Bg6 26. f3 Bxe4 27. fxe4 Bc5 28. Kf2 b6 29. Bxc5 Rxc5 30. Ke3 Rd4 31. Ba4 Nb7 32. Rb5 Kc7 33. Rxc5+ Nxc5 34. Bc2 Kc6 35. Rb1 a6 36. Rb4 Nb7 37. Ba4+ Kc5 38. a3 Nd6 39. Bd1 b5 40. cxb5 Rxb4 41. axb4+ Kxb5 42. d4 Nc4+ 0-1

[Event "EU-ch U14"]
[Site "Prague"]
[Date "2024.08.24"]
[Round "3"]
[White "Zander, Emil"]
[Black "Lehocz, Jozsef Jr"]
[Result "1/2-1/2"]
[WhiteElo "2152"]
[BlackElo "2069"]
[PlyCount "89"]
[EventDate "2024.08.22"]
[EventType "swiss"]
[EventRounds "9"]
[EventCountry "CZE"]
[SourceTitle "CBM 221 Extra"]
[Source "ChessBase"]
[SourceDate "2024.09.30"]
[SourceVersion "1"]
[SourceVersionDate "2024.09.30"]
[SourceQuality "1"]

1. e4 c5 2. Nf3 Nc6 3. d4 cxd4 4. Nxd4 g6 5. c4 Bg7 6. Be3 Nf6 7. Nc3 Ng4 8. Qxg4 Nxd4 9. Qd1 Ne6 10. Qd2 Qa5 11. Rc1 b6 12. Be2 Bb7 13. 0-0 Bxc3 14. Rxc3 Bxe4 15. Bh6 f6 16. h4 Kf7 17. Re1 Rad8 18. Bd1 Bb7 19. Qe2 Qc5 20. Re3 Qc6 21. Qg4 f5 22. Qg3 Qxc4 23. Bb3 Qg4 24. Rxe6 dxe6 25. Bxe6+ Ke8 26. Qxg4 fxg4 27. Bg7 Rf8 28. Bxf8 Kxf8 29. Bxg4 Rd2 30. Re2 Rd4 31. f3 h5 32. Be6 Rxh4 33. Rc2 Rd4 34. Rc7 Ba6 35. b3 Rd1+ 36. Kh2 Rd2 37. Rxa7 Bf1 38. Bh3 g5 39. Kg3 Kf7 40. Rb7 Rxa2 41. Rxb6 Rb2 42. Rb4 Be2 43. Re4 g4 44. fxg4 hxg4 45. Bxg4 1/2-1/2

[Event "HUN-chT1 Maroczy 2324"]
[Site "Hungary"]
[Date "2024.05.12"]
[Round "11.9"]
[White "Nandin Erdene, Davaadembere"]
[Black "Lehocz, Jozsef Jr"]
[Result "1-0"]
[WhiteElo "1836"]
[BlackElo "2104"]
[PlyCount "93"]
[EventDate "2023.10.08"]
[EventType "team-tourn"]
[EventRounds "11"]
[EventCountry "HUN"]
[SourceTitle "EXT 2025"]
[Source "ChessBase"]
[SourceDate "2024.10.14"]
[SourceVersion "1"]
[SourceVersionDate "2024.10.14"]
[SourceQuality "1"]
[WhiteTeam "Debrecen Sakkiskola"]
[BlackTeam "Neumann Egyetem"]
[WhiteTeamCountry "HUN"]
[BlackTeamCountry "HUN"]

1. Nf3 f5 2. d3 g6 3. e4 d6 4. Nc3 Nf6 5. Bd2 Bg7 6. g3 0-0 7. exf5 Bxf5 8. Nh4 Bg4 9. f3 Bd7 10. Qe2 Nc6 11. Be3 e5 12. 0-0-0 d5 13. Bg5 h6 14. Nxg6 hxg5 15. Nxf8 Qxf8 16. h4 g4 17. Bg2 gxf3 18. Qxf3 Bg4 19. Qf1 Bxd1 20. Qxd1 d4 21. Nd5 Qd6 22. Nxf6+ Qxf6 23. Bd5+ Kh8 24. g4 Rd8 25. Rf1 Qxh4 26. Kb1 Rxd5 27. Rh1 Qh7 28. Rxh7+ Kxh7 29. Qh1+ Kg6 30. Qxd5 Bf6 31. Qb5 Nd8 32. Qc5 Kg5 33. Qxa7 Kxg4 34. b4 Be7 35. b5 Kf5 36. a4 Ke6 37. a5 Kd7 38. a6 bxa6 39. b6 Kd6 40. b7 Nc6 41. b8Q Nxb8 42. Qxb8 Kc6 43. Kb2 a5 44. Kb3 Bb4 45. Kc4 Kd6 46. Qd8+ Kc6 47. Qd5+ 1-0

[Event "HUN-chT1 Maroczy 2324"]
[Site "Hungary"]
[Date "2024.04.21"]
[Round "10.9"]
[White "Lehocz, Jozsef Jr"]
[Black "Vranic, Ljubomir"]
[Result "0-1"]
[WhiteElo "2104"]
[BlackElo "2093"]
[PlyCount "60"]
[EventDate "2023.10.08"]
[EventType "team-tourn"]
[EventRounds "11"]
[EventCountry "HUN"]
[SourceTitle "EXT 2025"]
[Source "ChessBase"]
[SourceDate "2024.10.14"]
[SourceVersion "1"]
[SourceVersionDate "2024.10.14"]
[SourceQuality "1"]
[WhiteTeam "Neumann Egyetem"]
[BlackTeam "Kisujszallas"]
[WhiteTeamCountry "HUN"]
[BlackTeamCountry "HUN"]

1. e4 c6 2. d4 d5 3. exd5 cxd5 4. Bd3 Nf6 5. c3 Nc6 6. Bg5 Bg4 7. Ne2 Bxe2 8. Qxe2 e6 9. 0-0 Bd6 10. Nd2 Qc7 11. Nf3 Bf4 12. Bh4 h6 13. Rfe1 g5 14. Bg3 0-0 15. Ne5 Bxg3 16. hxg3 Kg7 17. f4 Nxe5 18. dxe5 Nd7 19. Kh2 f5 20. g4 fxg4 21. fxg5 h5 22. Bc2 Rf4 23. Qd3 Rf5 24. Qg3 Rxg5 25. Qf4 g3+ 26. Kh1 Rg4 27. Qd2 Rf8 28. Rf1 Rh4+ 29. Kg1 Qb6+ 30. Qd4 Rxd4 0-1

[Event "HUN-ch U20 rapid"]
[Site "Budapest"]
[Date "2024.03.23"]
[Round "9"]
[White "Foldes, Marton Gabor"]
[Black "Lehocz, Jozsef Jr"]
[Result "0-1"]
[WhiteElo "2162"]
[BlackElo "2143"]
[PlyCount "67"]
[EventDate "2024.03.23"]
[EventType "swiss (rapid)"]
[EventRounds "9"]
[EventCountry "HUN"]
[SourceTitle "EXT 2025"]
[Source "ChessBase"]
[SourceDate "2024.10.14"]
[SourceVersion "1"]
[SourceVersionDate "2024.10.14"]
[SourceQuality "1"]

1. e4 e6 2. d4 b6 3. Bd3 Bb7 4. Nf3 c5 5. c3 Nf6 6. Qe2 Be7 7. 0-0 d5 8. exd5 Qxd5 9. c4 Qd8 10. dxc5 Bxc5 11. Nc3 0-0 12. Bg5 h6 13. Bh4 Be7 14. Rad1 Qc8 15. Bb1 Nbd7 16. Qc2 Re8 17. Qe2 Bxf3 18. Qxf3 Ne5 19. Qe2 Qxc4 20. Qxe5 Qxh4 21. g3 Qxh2+ 22. Kxh2 Ng4+ 23. Kg2 Nxe5 24. Nb5 Red8 25. Rc1 Rd2 26. Rc7 Bf6 27. Be4 Rad8 28. Nxa7 Rxb2 29. Rc8 Rxa2 30. Rxd8+ Bxd8 31. Nb5 g6 32. Rd1 Bf6 33. Kg1 Rb2 34. Nd6 0-1

[Event "HUN-chT1 Maroczy 2324"]
[Site "Hungary"]
[Date "2024.03.10"]
[Round "8.6"]
[White "Rat, Dan Ovidiu"]
[Black "Lehocz, Jozsef Jr"]
[Result "1/2-1/2"]
[WhiteElo "2218"]
[BlackElo "2104"]
[PlyCount "23"]
[EventDate "2023.10.08"]
[EventType "team-tourn"]
[EventRounds "11"]
[EventCountry "HUN"]
[SourceTitle "EXT 2025"]
[Source "ChessBase"]
[SourceDate "2024.10.14"]
[SourceVersion "1"]
[SourceVersionDate "2024.10.14"]
[SourceQuality "1"]
[WhiteTeam "Pitypalatty"]
[BlackTeam "Neumann Egyetem"]
[WhiteTeamCountry "HUN"]
[BlackTeamCountry "HUN"]

1. d4 e6 2. c4 b6 3. Nf3 Bb7 4. g3 f5 5. Bg2 Nf6 6. 0-0 Be7 7. Nc3 0-0 8. d5 Na6 9. Bf4 Qc8 10. Rc1 Nc5 11. Nd2 d6 12. dxe6 1/2-1/2

[Event "HUN-chT1 Maroczy 2122"]
[Site "Hungary"]
[Date "2022.03.20"]
[Round "10.12"]
[White "Lehocz, Jozsef Jr"]
[Black "Lazsadi, Kerka Lilla"]
[Result "1/2-1/2"]
[WhiteElo "1905"]
[BlackElo "1707"]
[PlyCount "83"]
[EventDate "2021.10.10"]
[EventType "team-tourn"]
[EventRounds "11"]
[EventCountry "HUN"]
[SourceTitle "EXT 2025"]
[Source "ChessBase"]
[SourceDate "2024.10.14"]
[SourceVersion "1"]
[SourceVersionDate "2024.10.14"]
[SourceQuality "1"]
[WhiteTeam "Aquarena Kobanya II"]
[BlackTeam "DVTK"]
[WhiteTeamCountry "HUN"]
[BlackTeamCountry "HUN"]

1. e4 e6 2. d4 d5 3. Nd2 c5 4. exd5 exd5 5. Ngf3 Nc6 6. Bb5 Bg4 7. 0-0 Bd6 8. dxc5 Bxc5 9. Nb3 Bb6 10. h3 Bh5 11. Re1+ Nge7 12. Bg5 f6 13. Be3 Bxe3 14. Rxe3 0-0 15. Qd2 Bxf3 16. Rxf3 Ne5 17. Re3 a6 18. Bf1 Qb6 19. Rd1 Rfd8 20. Qd4 Qxd4 21. Nxd4 N7c6 22. Ne6 Rd6 23. Nc5 b5 24. f4 Nc4 25. Bxc4 bxc4 26. Re6 Rad8 27. Rxd6 Rxd6 28. Nxa6 Kf7 29. c3 d4 30. Rc1 d3 31. Rd1 Nd4 32. cxd4 Rxa6 33. b3 c3 34. Rxd3 c2 35. Rc3 Rxa2 36. Kh2 Ke6 37. Rc5 Rb2 38. h4 g6 39. b4 Rxb4 40. Rxc2 Rxd4 41. Rc7 h5 42. Kg3 1/2-1/2

[Event "HUN-chT1 Maroczy 2122"]
[Site "Hungary"]
[Date "2021.12.19"]
[Round "6.11"]
[White "Lehocz, Jozsef Jr"]
[Black "Balazs Szalai, Renata"]
[Result "0-1"]
[WhiteElo "1858"]
[BlackElo "1842"]
[PlyCount "78"]
[EventDate "2021.10.10"]
[EventType "team-tourn"]
[EventRounds "11"]
[EventCountry "HUN"]
[SourceTitle "EXT 2025"]
[Source "ChessBase"]
[SourceDate "2024.10.14"]
[SourceVersion "1"]
[SourceVersionDate "2024.10.14"]
[SourceQuality "1"]
[WhiteTeam "Aquarena Kobanya II"]
[BlackTeam "Kecskemet TLSE"]
[WhiteTeamCountry "HUN"]
[BlackTeamCountry "HUN"]

1. e4 d5 2. exd5 Qxd5 3. Nc3 Qd6 4. Nf3 Nf6 5. d3 a6 6. g3 Bg4 7. Bg2 e6 8. 0-0 Be7 9. Bf4 Qd8 10. Qd2 Bxf3 11. Bxf3 c6 12. Rae1 0-0 13. d4 Nbd7 14. Qd3 Rc8 15. Rd1 Nd5 16. Nxd5 cxd5 17. Rfe1 Bf6 18. Re2 Rc4 19. Be5 Bxe5 20. dxe5 Qc7 21. Rde1 Rc8 22. c3 b5 23. a3 a5 24. Bg2 Qb6 25. Kh1 b4 26. axb4 axb4 27. Re3 bxc3 28. bxc3 Qb2 29. f4 Rxc3 30. Qf1 g6 31. f5 Rxe3 32. Rxe3 Rc1 33. Re1 Rxe1 34. Qxe1 Qxe5 35. Qa5 Qxf5 36. h4 Nf6 37. Qb4 h5 38. Qb6 Ng4 39. Kg1 Qe5 0-1

[Event "HUN-chT1 Maroczy 2122"]
[Site "Hungary"]
[Date "2021.12.05"]
[Round "5.12"]
[White "Lehocz, Jozsef Jr"]
[Black "Tompa, Zoltan"]
[Result "1-0"]
[WhiteElo "1858"]
[BlackElo "1499"]
[PlyCount "21"]
[EventDate "2021.10.10"]
[EventType "team-tourn"]
[EventRounds "11"]
[EventCountry "HUN"]
[SourceTitle "EXT 2025"]
[Source "ChessBase"]
[SourceDate "2024.10.14"]
[SourceVersion "1"]
[SourceVersionDate "2024.10.14"]
[SourceQuality "1"]
[WhiteTeam "Aquarena Kobanya II"]
[BlackTeam "Vasas"]
[WhiteTeamCountry "HUN"]
[BlackTeamCountry "HUN"]

1. e4 c5 2. d4 cxd4 3. c3 g6 4. Nf3 dxc3 5. Nxc3 Bg7 6. Bc4 e6 7. Nb5 Qa5+ 8. Bd2 Qb6 9. Be3 Qc6 10. Rc1 b6 11. Be2 1-0